Online
Catalog

La isla de Santo Domingo desde los indios tainos hasta Peña Gómez : (Record no. 20333)

MARC details
000 -CABECERA
campo de control de longitud fija 00651nam a2200157 a 4500
001 - NÚMERO DE CONTROL
campo de control 000020829
005 - FECHA Y HORA DE LA ÚLTIMA TRANSACCIÓN
campo de control 20250127102202.0
008 - DATOS DE LONGITUD FIJA--INFORMACIÓN GENERAL
campo de control de longitud fija 100818s1994 dr 001 0 spa d
040 ## - FUENTE DE LA CATALOGACIÓN
Centro catalogador/agencia de origen DO-SdBNP
Lengua de catalogación spa
Centro/agencia transcriptor BNPHU
049 ## - FONDOS LOCALES (OCLC)
Fondos de biblioteca BNPD
100 1# - ENTRADA PRINCIPAL--NOMBRE DE PERSONA
Nombre de persona Salmador, Víctor
9 (RLIN) 43660
245 13 - MENCIÓN DE TÍTULO
Título La isla de Santo Domingo desde los indios tainos hasta Peña Gómez :
Resto del título reflexiones y meditaciones políticas sobre la realidad actual de la República Dominicana /
Mención de responsabilidad, etc. Víctor Salmador.
260 ## - PUBLICACIÓN, DISTRIBUCIÓN, ETC.
Lugar de publicación, distribución, etc. Santo Domingo :
Nombre del editor, distribuidor, etc. María Aracena de Samador,
Fecha de publicación, distribución, etc. 1994.
Fabricante Editora de Colores
300 ## - DESCRIPCIÓN FÍSICA
Extensión 349 p. ;
Dimensiones 21 cm.
500 ## - NOTA GENERAL
Nota general Incluye datos biográficos del autor en la contracubierta
Holdings
Estado de retiro Estado de pérdida Restricciones de uso No para préstamo Código de colección Localización permanente Ubicación/localización actual Ubicación en estantería Fecha de adquisición Número de inventario Total de préstamos Signatura topográfica completa Código de barras Fecha visto por última vez Número de copia Precio válido a partir de Tipo de ítem Koha Nota pública
        Dominicana de Servicio General General En catalogación 30.05.2011 LF1   20829-30 25.06.2020 e. 3 25.06.2020 Libro y Folleto Colección Dominicana de Servicio  
      Excluido de préstamo Patrimonio Dominicano Patrimonio Dominicano Patrimonio Dominicano Depósito 18.08.2010 LF1   20829-10 25.06.2020   25.06.2020 Libro y Folleto Colección Patrimonio Dominicano Perteneció a la biblioteca personal de Germán Emilio Ornes.
      Excluido de préstamo Patrimonio Dominicano Patrimonio Dominicano Patrimonio Dominicano En catalogación 31.03.2011 LF1   20829-20 25.06.2020 e. 2 25.06.2020 Libro y Folleto Colección Patrimonio Dominicano  

Powered by Koha